| 000 | 00817nam a2200217 a 4500 | ||
|---|---|---|---|
| 001 | BRCA_723 | ||
| 005 | 20190320203124.0 | ||
| 008 | 021203s2002 sp-a---##b---f000-0#spa-# | ||
| 020 | _a8436935470 (Obra completa) | ||
| 040 |
_aDLC _cDLC |
||
| 050 | 4 |
_aND813.S6 _b.M87 2002 |
|
| 245 | 1 | 0 |
_aMuseo Sorolla _bcatálogo de pintura _cautor Florencio de Santa-Ana Álvarez-Ossorio. |
| 260 |
_aEspaña _bMinisterio de Educación, Cultura y Deporte, Secretaría de Estado de Cultura _c2002 |
||
| 300 |
_a2 v. _bil. (algunas a color) _c28 cm. |
||
| 504 | _aBibliografía: p. 523-524 (v.2) | ||
| 600 | 1 | 4 |
_aSorolla, Joaquín _d1863-1923 _vCatálogos _92380 |
| 610 | 2 | 4 |
_aMuseo Sorolla _vCatálogos _92381 |
| 650 | 1 | 4 |
_aPintura _vCatálogos _zEspaña _92382 |
| 700 | 1 |
_aSanta-Ana y Álvarez-Ossorio, Florencio de _92383 |
|
| 942 |
_2lcc _cB |
||
| 999 |
_c624 _d624 |
||